000
00324nam a2200133Ia 4500
008
230516s2008 xx 000 0 und d
041
_a
eng
082
_a
150.72
100
_a
ABBOTT B.B.
245
_a
RESEARCH DESIGN & METHODS
260
_a
NEW DELHI
_b
MC GRAW HILL
_c
2008
300
_a
530
650
_a
GENERAL MANAGEMENT
999
_c
361269
_d
361269